| 000 | 01328cam a22002655a 4500 | ||
|---|---|---|---|
| 001 | L142985 | ||
| 008 | 080331s2008 xxkad f s 000 0 eng d | ||
| 020 | _a9781905782215 | ||
| 035 | _a(Sirsi) u142985 | ||
| 041 | 0 | _aeng | |
| 050 | 0 | 4 | _a336.185 $2 18 |
| 100 | 1 | _aLovell, Bill | |
| 245 | 0 | 0 |
_aCouncil tax _byour guide |
| 260 |
_aLondon _bIRRV _c2008 |
||
| 300 |
_a114p. _c21cm. |
||
| 350 | _a19 | ||
| 505 | 2 | _aIntroduction -- Council tax, a tax on property -- The "person" element and discounts -- Properties exempt from council tax -- Can I pay less? Reductions and council tax benefits -- How local councils set their council tax -- The rights of appeal -- Paying the council tax -- Local taxes - a brief history and a look ahead -- Annex: average council taxes in Great Britain 2007-08 -- Index | |
| 520 | _aThorough guide to council tax introduces the history of council tax, how it is determined and collected, discounts and statistics for average amounts charged throughout the United Kingdom. Of interest to all those who either own or rent residential property, as well as those involved in valuations. | ||
| 521 | _aGeneral | ||
| 590 | _aKA | ||
| 651 | 4 |
_aUnited Kingdom _y |
|
| 690 | _aPROPERTY-RESIDENTIAL PROPERTY-RESIDENTIAL PROPERTY TAXATION-COUNCIL TAX | ||
| 700 | 1 | _aHepworth, Moira | |
| 942 | _n0 | ||
| 999 |
_c108039 _d108039 |
||